[Event "Wch U14 Girls"]
[Site "Montesilvano"]
[Date "2023.11.23"]
[Round "10"]
[White "Stoll, Lucia"]
[Black "Rice, Leah"]
[Result "1/2-1/2"]
[WhiteElo "1887"]
[BlackElo "1499"]
[PlyCount "102"]
[EventDate "2023.11.13"]
[EventType "swiss"]
[EventRounds "11"]
[EventCountry "ITA"]
[SourceTitle "CB48_2023"]
[SourceDate "2023.11.29"]
[SourceVersion "1"]
[SourceVersionDate "2023.11.29"]
[SourceQuality "1"]

1. e4 c6 2. d4 d5 3. e5 c5 4. dxc5 e6 5. a3 Bxc5 6. Nf3 Nd7 7. b4 Be7 8. Bb2 f6 9. Bd3 Nh6 10. 0-0 Nf7 11. Nd4 Qb6 12. exf6 Bxf6 13. Qg4 Nde5 14. Bb5+ Qxb5 15. Nxb5 Nxg4 16. Bxf6 Nxf6 17. Nc7+ Kd7 18. Nxa8 b6 19. Re1 Re8 20. Nc3 Bb7 21. Nxb6+ axb6 22. Na4 Bc6 23. Nb2 Rc8 24. c4 Nd6 25. Rad1 Ra8 26. Rd3 Ke7 27. cxd5 Nxd5 28. f3 Kd7 29. Rb3 Bb5 30. Rc1 Nf5 31. Rd1 Kd6 32. Kf2 e5 33. a4 Nd4 34. Rxd4 exd4 35. axb5 Rc8 36. Nd3 Rc2+ 37. Kg3 Ne3 38. Rb2 Rxb2 39. Nxb2 Kd5 40. Kf2 Nc2 41. Ke2 Nxb4 42. Na4 Kc4 43. Nxb6+ Kxb5 44. Nd7 Kc4 45. Kd2 d3 46. g3 Nc6 47. f4 Kd4 48. Ne5 Nxe5 49. fxe5 Kxe5 50. Kxd3 Kf5 51. h3 Ke5 1/2-1/2

[Event "Wch U14 Girls"]
[Site "Montesilvano"]
[Date "2023.11.20"]
[Round "7"]
[White "Suyamin, Bonjoure Fille"]
[Black "Stoll, Lucia"]
[Result "1-0"]
[WhiteElo "1570"]
[BlackElo "1887"]
[PlyCount "159"]
[EventDate "2023.11.13"]
[EventType "swiss"]
[EventRounds "11"]
[EventCountry "ITA"]
[SourceTitle "CB48_2023"]
[SourceDate "2023.11.29"]
[SourceVersion "1"]
[SourceVersionDate "2023.11.29"]
[SourceQuality "1"]

1. d4 Nf6 2. Nf3 e6 3. c4 d5 4. Nc3 dxc4 5. e4 b5 6. e5 Nd5 7. Nxb5 Nb6 8. Be2 Be7 9. 0-0 Nc6 10. Be3 0-0 11. Rc1 Rb8 12. b3 a6 13. Nc3 cxb3 14. axb3 Bb7 15. Qd2 Nb4 16. Ra1 Qd7 17. Ng5 N6d5 18. Nge4 Rfd8 19. Rfd1 Qe8 20. Bg5 Nxc3 21. Nxc3 c5 22. Bxe7 Qxe7 23. Na4 cxd4 24. Rac1 Bd5 25. Nc5 a5 26. Qb2 Qg5 27. Bf1 Nc6 28. Qe2 Nxe5 29. Ne4 Bxe4 30. Qxe4 Ng6 31. Rc7 Qf6 32. Qc2 Ne7 33. Rd3 Nf5 34. Rd2 g6 35. Rd3 Qe5 36. Rc5 Rd5 37. Rc6 Rdb5 38. Rf3 R5b7 39. Rc5 Qe1 40. h3 Kg7 41. g4 Nd6 42. Kg2 e5 43. Rc6 e4 44. Rg3 Qb4 45. h4 Rb6 46. Rc7 R8b7 47. Rc5 Re7 48. h5 Nb5 49. Rc8 g5 50. Bxb5 Rxb5 51. Qc6 h6 52. Qa8 Qd6 53. Rh8 Re6 54. Qg8+ Kf6 55. Rxh6+ Ke7 56. Rh8 Qd7 57. Qf8+ Kf6 58. Rg8 Re7 59. h6 Qb7 60. Rg6+ Ke5 61. Rxg5+ Ke6 62. Rxb5 Qxb5 63. h7 Re8 64. Qh6+ Ke7 65. h8Q Rxh8 66. Qxh8 Qd5 67. Qh5 Qc6 68. Qe5+ Kf8 69. Rh3 f6 70. Qxd4 e3+ 71. Rf3 e2 72. Qe3 Kf7 73. Qxe2 Qd7 74. Qc4+ Kg7 75. Rd3 Qb7+ 76. Qd5 Qb4 77. Qd7+ Kg8 78. Qe6+ Kg7 79. Rd7+ Kg6 80. Qf5+ 1-0

[Event "Wch U14 Girls"]
[Site "Montesilvano"]
[Date "2023.11.15"]
[Round "3"]
[White "Zerarga, Imene"]
[Black "Stoll, Lucia"]
[Result "0-1"]
[WhiteElo "1514"]
[BlackElo "1887"]
[PlyCount "64"]
[EventDate "2023.11.13"]
[EventType "swiss"]
[EventRounds "11"]
[EventCountry "ITA"]
[SourceTitle "CB48_2023"]
[SourceDate "2023.11.29"]
[SourceVersion "1"]
[SourceVersionDate "2023.11.29"]
[SourceQuality "1"]

1. e4 e5 2. Nf3 Nc6 3. Bc4 Nf6 4. d3 h6 5. 0-0 d6 6. a4 g5 7. c3 Bg7 8. Re1 0-0 9. Na3 Bg4 10. Nc2 Ne7 11. Ne3 Bh5 12. Nf1 Ng6 13. Ng3 Bg4 14. h3 Bd7 15. d4 a5 16. Qc2 c6 17. Nf5 d5 18. Nxg7 Kxg7 19. exd5 cxd5 20. dxe5 dxc4 21. exf6+ Qxf6 22. Be3 Kg8 23. Qe2 Rac8 24. Red1 Bc6 25. Nd4 Rfe8 26. Qf1 Nh4 27. Nxc6 Qxc6 28. Bd4 Re2 29. Ra2 Rce8 30. Be3 R8xe3 31. fxe3 Rxg2+ 32. Kh1 Rf2+ 0-1

[Event "Wch U14 Girls"]
[Site "Montesilvano"]
[Date "2023.11.14"]
[Round "2"]
[White "Stoll, Lucia"]
[Black "Antenreiter, Lena"]
[Result "1-0"]
[WhiteElo "1887"]
[BlackElo "1309"]
[PlyCount "58"]
[EventDate "2023.11.13"]
[EventType "swiss"]
[EventRounds "11"]
[EventCountry "ITA"]
[SourceTitle "CB48_2023"]
[SourceDate "2023.11.29"]
[SourceVersion "1"]
[SourceVersionDate "2023.11.29"]
[SourceQuality "1"]

1. e4 c5 2. Nf3 d6 3. d4 cxd4 4. Nxd4 Nf6 5. Nc3 a6 6. Bg5 e6 7. f4 Be7 8. Qf3 Qc7 9. 0-0-0 Nbd7 10. g4 h6 11. Bxf6 Bxf6 12. h4 Nb6 13. Be2 Bd7 14. g5 hxg5 15. hxg5 Rxh1 16. Qxh1 Be7 17. g6 fxg6 18. Qh7 Bf6 19. Qxg6+ Ke7 20. Rd3 Rh8 21. Qg2 Nc4 22. Nf5+ Kf7 23. Ne3 Nxe3 24. Rxe3 b5 25. f5 exf5 26. exf5 Bxf5 27. Qd5+ Kg6 28. Bd3 Bxd3 29. Rg3+ Kh6 1-0

[Event "EU-ch U14 Girls 31st"]
[Site "Mamaia"]
[Date "2023.09.14"]
[Round "9"]
[White "Stoll, Lucia"]
[Black "Krkyasharyan, Sona"]
[Result "0-1"]
[WhiteElo "2006"]
[BlackElo "1522"]
[PlyCount "130"]
[EventDate "2023.09.05"]
[EventType "swiss"]
[EventRounds "9"]
[EventCountry "ROU"]
[SourceTitle "EXT 2024"]
[Source "ChessBase"]
[SourceDate "2023.10.10"]
[SourceVersion "1"]
[SourceVersionDate "2023.10.10"]
[SourceQuality "1"]

1. e4 c5 2. Nf3 d6 3. d4 cxd4 4. Nxd4 Nf6 5. Nc3 a6 6. Bg5 Nbd7 7. f4 Qc7 8. Qf3 h6 9. Bxf6 Nxf6 10. Nd5 Nxd5 11. exd5 g6 12. c3 Bg7 13. 0-0-0 Bd7 14. Kb1 Rc8 15. Qe4 0-0 16. Bd3 Qb6 17. Ka1 Rfe8 18. Bc2 Rc7 19. Qf3 Rec8 20. g4 Rc4 21. Bb3 Ba4 22. Bxc4 Bxd1 23. Rxd1 Rxc4 24. Ne2 Ra4 25. Kb1 Qa5 26. Nc1 Rc4 27. f5 b5 28. fxg6 fxg6 29. Qe2 Rc7 30. Nb3 Qa4 31. Nd4 b4 32. cxb4 Qxb4 33. Nc6 Qb6 34. b3 a5 35. Qc2 a4 36. Re1 Qb7 37. Qd3 Kh7 38. Re6 Bf6 39. h4 Qb6 40. Qf1 axb3 41. a3 Qc5 42. Qe2 Qxa3 43. Rxf6 Qa2+ 44. Qxa2 bxa2+ 45. Kxa2 exf6 46. Kb3 f5 47. gxf5 gxf5 48. Kc3 Kg6 49. Kd3 Kf6 50. Ke3 Rb7 51. Kf4 Rb1 52. Nd8 Rd1 53. Ne6 Rxd5 54. Nc7 Rd4+ 55. Kg3 Rg4+ 56. Kf3 Rxh4 57. Nd5+ Ke5 58. Ne7 Rf4+ 59. Kg3 Rg4+ 60. Kf3 h5 61. Nc6+ Kf6 62. Na5 h4 63. Nb3 Rg3+ 64. Kf4 Rg4+ 65. Kf3 h3 0-1

[Event "EU-ch U14 Girls 31st"]
[Site "Mamaia"]
[Date "2023.09.08"]
[Round "4"]
[White "Iordache, Alexia Andreea"]
[Black "Stoll, Lucia"]
[Result "1-0"]
[WhiteElo "1827"]
[BlackElo "2006"]
[PlyCount "57"]
[EventDate "2023.09.05"]
[EventType "swiss"]
[EventRounds "9"]
[EventCountry "ROU"]
[SourceTitle "EXT 2024"]
[Source "ChessBase"]
[SourceDate "2023.10.10"]
[SourceVersion "1"]
[SourceVersionDate "2023.10.10"]
[SourceQuality "1"]

1. e4 e5 2. Nf3 Nc6 3. Bb5 a6 4. Ba4 Nf6 5. Nc3 b5 6. Bb3 Be7 7. d3 d6 8. a3 Be6 9. Nd5 Nd4 10. Nxd4 exd4 11. Nxf6+ Bxf6 12. Bxe6 fxe6 13. Qh5+ g6 14. Qg4 Qe7 15. h4 Kd7 16. f4 Rhg8 17. Bd2 a5 18. g3 a4 19. 0-0 Qg7 20. Rae1 Rae8 21. e5 dxe5 22. fxe5 Bxe5 23. Qg5 Bd6 24. Qxb5+ Kc8 25. Qa6+ Kb8 26. Bf4 Qd7 27. b3 axb3 28. Rb1 Bb4 29. Rxb3 1-0

[Event "FRA-chT Top 12 (Women) GpB"]
[Site "Mulhouse"]
[Date "2023.05.20"]
[Round "3.2"]
[White "Stoll, Lucia"]
[Black "Le Coz, Marie Sarah"]
[Result "1-0"]
[WhiteElo "1948"]
[BlackElo "1718"]
[PlyCount "65"]
[EventDate "2023.05.18"]
[EventType "team-tourn"]
[EventRounds "5"]
[EventCountry "FRA"]
[SourceTitle "CBM 214 Extra"]
[Source "ChessBase"]
[SourceDate "2023.07.31"]
[SourceVersion "1"]
[SourceVersionDate "2023.07.31"]
[SourceQuality "1"]
[WhiteTeam "Vandoeuvre (W)"]
[BlackTeam "Bordeaux d'Aquitaine (W)"]
[WhiteTeamCountry "FRA"]
[BlackTeamCountry "FRA"]

1. e4 c5 2. Nf3 Nc6 3. d4 cxd4 4. Nxd4 e5 5. Nb5 d6 6. c4 Be7 7. N1c3 a6 8. Na3 f5 9. exf5 Bxf5 10. Bd3 Be6 11. Nc2 Nf6 12. 0-0 Qd7 13. Ne3 0-0 14. Ned5 Bd8 15. Be3 b5 16. Nxf6+ Bxf6 17. cxb5 Nb4 18. bxa6 Nxd3 19. Qxd3 d5 20. Rfd1 d4 21. Ne4 Qf7 22. Bd2 Bc4 23. Qg3 Rxa6 24. b3 Bd5 25. Nc5 Rc6 26. Nd3 Re6 27. Bb4 Rb8 28. f3 Qh5 29. Rac1 Bh4 30. Qh3 Rg6 31. Rc8+ Kf7 32. Rc7+ Kf6 33. Be7+ 1-0

[Event "FRA-chT Top 12 (Women) GpB"]
[Site "Mulhouse"]
[Date "2023.05.19"]
[Round "2.3"]
[White "Forestier, Carole"]
[Black "Stoll, Lucia"]
[Result "1/2-1/2"]
[WhiteElo "2009"]
[BlackElo "1948"]
[PlyCount "41"]
[EventDate "2023.05.18"]
[EventType "team-tourn"]
[EventRounds "5"]
[EventCountry "FRA"]
[SourceTitle "CBM 214 Extra"]
[Source "ChessBase"]
[SourceDate "2023.07.31"]
[SourceVersion "1"]
[SourceVersionDate "2023.07.31"]
[SourceQuality "1"]
[WhiteTeam "Grasse (W)"]
[BlackTeam "Vandoeuvre (W)"]
[WhiteTeamCountry "FRA"]
[BlackTeamCountry "FRA"]

1. d4 Nf6 2. c4 e6 3. Nc3 Bb4 4. Qc2 0-0 5. a3 Bxc3+ 6. Qxc3 d5 7. Nf3 dxc4 8. Qxc4 b6 9. Bf4 Ba6 10. Qxc7 Qd5 11. Qd6 Qb3 12. Qb4 Qd5 13. e3 Bxf1 14. Kxf1 Rc8 15. Ne1 Nc6 16. Qd2 e5 17. Bg3 exd4 18. Rd1 Qb5+ 19. Qd3 Qxd3+ 20. Rxd3 dxe3 21. Rxe3 1/2-1/2

[Event "FRA-chT Top 12 (Women) GpB"]
[Site "Mulhouse"]
[Date "2023.05.18"]
[Round "1.1"]
[White "Leconte, Maria"]
[Black "Stoll, Lucia"]
[Result "1-0"]
[WhiteElo "2165"]
[BlackElo "1948"]
[PlyCount "63"]
[EventDate "2023.05.18"]
[EventType "team-tourn"]
[EventRounds "5"]
[EventCountry "FRA"]
[SourceTitle "CBM 214 Extra"]
[Source "ChessBase"]
[SourceDate "2023.07.31"]
[SourceVersion "1"]
[SourceVersionDate "2023.07.31"]
[SourceQuality "1"]
[WhiteTeam "Monaco (W)"]
[BlackTeam "Vandoeuvre (W)"]
[WhiteTeamCountry "MNC"]
[BlackTeamCountry "FRA"]

1. e4 e5 2. Nf3 Nc6 3. Bc4 Nf6 4. d3 Be7 5. Nc3 d6 6. h3 Na5 7. a4 Nxc4 8. dxc4 a5 9. Qd3 0-0 10. g4 c6 11. Be3 Qc7 12. 0-0-0 Be6 13. Nh4 Rfd8 14. g5 Nd7 15. Nf5 Nc5 16. Qe2 Bf8 17. Ng3 Rd7 18. Nh5 Qd8 19. Rhg1 Kh8 20. f4 d5 21. cxd5 cxd5 22. exd5 Bxh3 23. fxe5 Bf5 24. Qf2 Bg6 25. Nf4 Rc8 26. Nxg6+ fxg6 27. e6 Rdc7 28. Rh1 Na6 29. Rxh7+ Kxh7 30. Rh1+ Kg8 31. Qh2 Rxc3 32. Qh8# 1-0

[Event "EU-ch U14 Girls 30th"]
[Site "Antalya"]
[Date "2022.11.12"]
[Round "7"]
[White "Paralieu, Emma1111"]
[Black "Stoll, Lucia"]
[Result "1-0"]
[WhiteElo "1590"]
[BlackElo "2021"]
[PlyCount "59"]
[EventDate "2022.11.06"]
[EventType "swiss"]
[EventRounds "9"]
[EventCountry "TUR"]
[SourceTitle "EXT 2024"]
[Source "ChessBase"]
[SourceDate "2023.10.10"]
[SourceVersion "1"]
[SourceVersionDate "2023.10.10"]
[SourceQuality "1"]

1. e4 e5 2. Nf3 Nc6 3. Bc4 Nf6 4. d3 h6 5. a3 d6 6. c3 g5 7. Be3 Bg7 8. Nbd2 a6 9. Ba2 Qe7 10. Qc2 Be6 11. Bxe6 fxe6 12. d4 Nh5 13. d5 Nd8 14. 0-0-0 Nf7 15. Qb3 b6 16. Qc4 0-0 17. dxe6 Nd8 18. g4 Nf4 19. h4 b5 20. Qb3 Qxe6 21. Qxe6+ Ndxe6 22. hxg5 hxg5 23. Kc2 Bf6 24. Rh6 Kg7 25. Rdh1 Rh8 26. Rxh8 Rxh8 27. Rxh8 Kxh8 28. Nb3 Kg7 29. Na5 Ng2 30. Ba7 1-0

[Event "EU-ch U14 Girls 30th"]
[Site "Antalya"]
[Date "2022.11.10"]
[Round "5"]
[White "Jansone, Melanija Luize"]
[Black "Stoll, Lucia"]
[Result "1/2-1/2"]
[WhiteElo "1472"]
[BlackElo "2021"]
[PlyCount "72"]
[EventDate "2022.11.06"]
[EventType "swiss"]
[EventRounds "9"]
[EventCountry "TUR"]
[SourceTitle "EXT 2024"]
[Source "ChessBase"]
[SourceDate "2023.10.10"]
[SourceVersion "1"]
[SourceVersionDate "2023.10.10"]
[SourceQuality "1"]

1. e4 e5 2. Nf3 Nc6 3. d4 exd4 4. Nxd4 Nf6 5. Nxc6 bxc6 6. Bd3 d5 7. exd5 cxd5 8. 0-0 Be7 9. b3 0-0 10. Bb2 Bb7 11. Nd2 Re8 12. Nf3 Ne4 13. c4 Bf6 14. Qc2 Bxb2 15. Qxb2 Nc5 16. Rad1 c6 17. Bb1 Qb6 18. cxd5 cxd5 19. Nd4 Ne4 20. Nf5 f6 21. Rfe1 Re5 22. Bxe4 dxe4 23. Ne3 Re7 24. Qd2 Qe6 25. Qd6 Kf7 26. Nc4 f5 27. Qf4 Rf8 28. Rd6 Qc8 29. Rh6 Kg8 30. Rxh7 Kxh7 31. Qh4+ Kg8 32. Qxe7 Qc6 33. Qg5 Ba6 34. Qe3 Bxc4 35. bxc4 a5 36. Qc3 Qa4 1/2-1/2

[Event "EU-ch U14 Girls 30th"]
[Site "Antalya"]
[Date "2022.11.09"]
[Round "4"]
[White "Stoll, Lucia"]
[Black "Bitca, Emilia"]
[Result "1/2-1/2"]
[WhiteElo "2021"]
[BlackElo "1502"]
[PlyCount "40"]
[EventDate "2022.11.06"]
[EventType "swiss"]
[EventRounds "9"]
[EventCountry "TUR"]
[SourceTitle "EXT 2024"]
[Source "ChessBase"]
[SourceDate "2023.10.10"]
[SourceVersion "1"]
[SourceVersionDate "2023.10.10"]
[SourceQuality "1"]

1. e4 c5 2. Nf3 e6 3. d4 cxd4 4. Nxd4 a6 5. c4 Nf6 6. Nc3 d6 7. Be3 Be7 8. Be2 0-0 9. 0-0 Qc7 10. Rc1 Nbd7 11. a3 b6 12. b4 Bb7 13. f3 Rac8 14. Qd2 Rfe8 15. Na4 Qb8 16. Nb3 Bd8 17. Kh1 Be7 18. Bg1 d5 19. cxd5 b5 20. Nc3 exd5 1/2-1/2

[Event "FRA-ch U14"]
[Site "Agen"]
[Date "2022.04.19"]
[Round "4"]
[White "Trevisiol, Antoine"]
[Black "Stoll, Lucia"]
[Result "1-0"]
[WhiteElo "2048"]
[BlackElo "1796"]
[PlyCount "125"]
[EventDate "2022.04.16"]
[EventType "swiss"]
[EventRounds "9"]
[EventCountry "FRA"]
[SourceTitle "EXT 2023"]
[Source "ChessBase"]
[SourceDate "2022.10.05"]
[SourceVersion "1"]
[SourceVersionDate "2022.10.05"]
[SourceQuality "1"]

1. e4 e5 2. Nf3 Nc6 3. d4 exd4 4. Nxd4 Nf6 5. f3 Bc5 6. Nb3 Bb4+ 7. c3 Be7 8. Bg5 h6 9. Bxf6 Bxf6 10. Bc4 d6 11. N1d2 Qe7 12. Qe2 Be6 13. 0-0-0 0-0-0 14. Bxe6+ Qxe6 15. Rhe1 g5 16. Nc4 h5 17. Kb1 Be5 18. Nxe5 Nxe5 19. Qe3 Kb8 20. Qxg5 Rdg8 21. Qd2 h4 22. Rf1 Qh6 23. Nd4 Nc4 24. Qxh6 Rxh6 25. Nf5 Rh5 26. Rf2 Ne5 27. b3 Ng6 28. c4 Kc8 29. Rd5 Kb8 30. Rdd2 Rgh8 31. Kc2 Nf4 32. Kc3 Ne6 33. Kd3 Kc8 34. Ke3 Kd7 35. Rd5 Rg5 36. Rfd2 b6 37. b4 Kc6 38. Nd4+ Kb7 39. Nxe6 Rxd5 40. exd5 fxe6 41. dxe6 Re8 42. Kf4 Rxe6 43. Kg5 Re1 44. f4 Kc8 45. f5 Kd7 46. Kg6 Ke8 47. Kg7 Re7+ 48. Kg8 Re4 49. Kg7 Rg4+ 50. Kf6 Rxc4 51. h3 Rf4 52. Kg6 Kf8 53. Re2 d5 54. b5 Re4 55. Rd2 d4 56. f6 Re3 57. Rxd4 Rg3+ 58. Rg4 Re3 59. Rxh4 Rg3+ 60. Rg4 Ra3 61. g3 Rd3 62. h4 Ra3 63. h5 1-0

[Event "FRA-ch U12"]
[Site "Agen"]
[Date "2021.10.26"]
[Round "4"]
[White "Stoll, Lucia"]
[Black "Trevisiol, Antoine"]
[Result "0-1"]
[WhiteElo "1673"]
[BlackElo "1922"]
[PlyCount "44"]
[EventDate "2021.10.22"]
[EventType "swiss"]
[EventRounds "9"]
[EventCountry "FRA"]
[SourceTitle "EXT 2023"]
[Source "ChessBase"]
[SourceDate "2022.10.05"]
[SourceVersion "1"]
[SourceVersionDate "2022.10.05"]
[SourceQuality "1"]

1. e4 e6 2. d4 d5 3. e5 c5 4. c3 Nc6 5. Nf3 Qb6 6. a3 c4 7. Nbd2 f6 8. exf6 Nxf6 9. g3 e5 10. Nxe5 Nxe5 11. Qe2 Bg4 12. f3 0-0-0 13. dxe5 Bf5 14. Nxc4 dxc4 15. Qxc4+ Kb8 16. Qf4 Bc5 17. Qxf5 Bf2+ 18. Ke2 Bg1 19. Rxg1 Qxg1 20. Qh3 Qb6 21. Qh4 Rhe8 22. Qg5 Rd5 0-1

[Event "Trophee Roza Lallemand Online"]
[Site "Tornelo INT"]
[Date "2020.12.13"]
[Round "9"]
[White "Cornileau, Juliette"]
[Black "Stoll, Lucia"]
[Result "1-0"]
[WhiteElo "1868"]
[BlackElo "1574"]
[PlyCount "145"]
[EventDate "2020.12.13"]
[EventType "swiss (rapid)"]
[EventRounds "9"]
[EventCountry "USA"]
[SourceTitle "EXT 2022"]
[Source "ChessBase"]
[SourceDate "2021.10.06"]
[SourceVersion "1"]
[SourceVersionDate "2021.10.06"]
[SourceQuality "1"]

1. d4 Nf6 2. c4 e6 3. Nc3 d5 4. cxd5 exd5 5. Bg5 Be7 6. e3 c6 7. Bd3 Nbd7 8. Qc2 Nf8 9. Nge2 Ne6 10. Bh4 g6 11. 0-0 0-0 12. f3 b5 13. Rac1 Bd7 14. f4 Ng4 15. Bxe7 Qxe7 16. Rf3 Ng7 17. e4 dxe4 18. Bxe4 Rfe8 19. Ng3 Rac8 20. f5 c5 21. Nd5 Qd6 22. dxc5 Qb8 23. h3 Ne5 24. Nf6+ Kh8 25. Nxe8 Nxf3+ 26. Bxf3 Rxe8 27. Qd2 Bxf5 28. Nxf5 Nxf5 29. c6 Qb6+ 30. Qf2 Qc7 31. Qc5 Kg8 32. Rd1 Qb6 33. Qxb6 axb6 34. c7 Ne7 35. Bb7 Kf8 36. Rd8 f5 37. Rxe8+ Kxe8 38. c8Q+ Nxc8 39. Bxc8 Ke7 40. Kf2 h6 41. Ke3 Kf6 42. b4 g5 43. Bd7 Ke5 44. Bxb5 f4+ 45. Kf3 h5 46. Be8 Kd4 47. Bxh5 Kc4 48. a3 Kb3 49. b5 Kxa3 50. Be8 Kb4 51. Kg4 Kc5 52. Kxg5 Kd6 53. Kxf4 Ke7 54. Bc6 Kf6 55. h4 Kg6 56. g4 Kh6 57. h5 Kh7 58. g5 Kg7 59. Be4 Kh8 60. Ke5 Kg7 61. Kd6 Kf7 62. Kc6 Ke7 63. h6 Kf7 64. g6+ Kg8 65. g7 Kf7 66. Bd5+ Ke7 67. g8Q Kf6 68. Qf7+ Ke5 69. h7 Kd4 70. h8Q+ Kd3 71. Qf3+ Kc2 72. Qh2+ Kb1 73. Qf1# 1-0

[Event "Trophee Roza Lallemand Online"]
[Site "Tornelo INT"]
[Date "2020.12.13"]
[Round "1"]
[White "Stoll, Lucia"]
[Black "Rasinaru, Alina"]
[Result "1-0"]
[WhiteElo "1574"]
[BlackElo "1889"]
[PlyCount "139"]
[EventDate "2020.12.13"]
[EventType "swiss (rapid)"]
[EventRounds "9"]
[EventCountry "USA"]
[SourceTitle "EXT 2022"]
[Source "ChessBase"]
[SourceDate "2021.10.06"]
[SourceVersion "1"]
[SourceVersionDate "2021.10.06"]
[SourceQuality "1"]

1. e4 c5 2. Nf3 Nc6 3. d4 cxd4 4. Nxd4 d6 5. Nc3 Nf6 6. Bg5 Nd7 7. Bc4 Qa5 8. Be3 Nf6 9. Qd2 e6 10. a3 Be7 11. Ndb5 Qd8 12. Rd1 0-0 13. Nxd6 Bxd6 14. Qxd6 Qa5 15. Qc5 Nxe4 16. Qxa5 Nxa5 17. Nxe4 Nxc4 18. Bd4 e5 19. Bc3 Bf5 20. Nd2 Bxc2 21. Nxc4 Bxd1 22. Kxd1 Rad8+ 23. Kc2 f6 24. Rf1 b5 25. Ne3 a6 26. Bb4 Rfe8 27. Rc1 Rc8+ 28. Kb1 Rxc1+ 29. Kxc1 Rc8+ 30. Kd2 Kf7 31. Kd3 Ke6 32. Bc3 Rd8+ 33. Ke2 f5 34. f3 g5 35. Nc2 e4 36. fxe4 fxe4 37. Ke3 Rf8 38. Nd4+ Kd5 39. Ne2 h5 40. Bd4 g4 41. Nc3+ Kc4 42. Bg7 Rf7 43. Be5 Re7 44. Kxe4 Kb3 45. Nd5 Rf7 46. Nf4 h4 47. g3 hxg3 48. hxg3 Rh7 49. Nd3 Kc4 50. Kf4 Kxd3 51. Kxg4 Re7 52. Kf5 Rf7+ 53. Ke6 Rf2 54. g4 Rg2 55. Kf5 a5 56. g5 Rf2+ 57. Ke6 Ke4 58. g6 Rg2 59. g7 b4 60. axb4 axb4 61. Bf6 Kf4 62. Kf7 b3 63. g8Q Rxg8 64. Kxg8 Ke4 65. Bc3 Kd3 66. Kf7 Kc2 67. Ke6 Kd3 68. Kd5 Kc2 69. Kc4 Kd1 70. Kxb3 1-0

[Event "FRA-ch Blitz Online Qual"]
[Site "Europe Echecs INT"]
[Date "2020.05.16"]
[Round "2"]
[White "Fernandez, Maylis"]
[Black "Stoll, Lucia"]
[Result "0-1"]
[WhiteElo "1165"]
[BlackElo "1561"]
[PlyCount "96"]
[EventDate "2020.05.16"]
[EventType "swiss (blitz)"]
[EventRounds "15"]
[EventCountry "FRA"]
[SourceTitle "CBM 196 Extra"]
[Source "ChessBase"]
[SourceDate "2020.07.31"]
[SourceVersion "1"]
[SourceVersionDate "2020.07.31"]
[SourceQuality "1"]

1. e4 e5 2. Nf3 Nc6 3. d4 exd4 4. Nxd4 Bc5 5. Nb3 Bb6 6. Nc3 Nf6 7. Bg5 h6 8. Bh4 0-0 9. Qf3 Ne5 10. Qg3 Ng6 11. Kd1 Nxh4 12. Qxh4 Re8 13. Kd2 Qe7 14. Re1 d6 15. Kc1 Be6 16. Bb5 c6 17. Bd3 Bxb3 18. axb3 a5 19. Re2 Bd4 20. Nd1 Be5 21. Rhe1 a4 22. bxa4 Rxa4 23. Kb1 Rea8 24. Kc1 Ra1+ 25. Kd2 d5 26. exd5 Qd6 27. Nc3 Bf4+ 28. Re3 Bxe3+ 29. fxe3 cxd5 30. Qd4 Rxe1 31. Kxe1 Qxh2 32. Kd2 Qxg2+ 33. Be2 Kh7 34. Qd3+ Ne4+ 35. Kc1 Qg1+ 36. Bd1 Ra1+ 37. Nb1 Rxb1+ 38. Kxb1 Qxd1+ 39. Ka2 Qxd3 40. cxd3 Nc5 41. d4 Ne4 42. Kb3 h5 43. Kb4 Kg6 44. b3 Nf6 45. Kc3 h4 46. Kd2 h3 47. Ke1 h2 48. Kf1 h1Q+ 0-1

[Event "FRA-ch Blitz Online Qual"]
[Site "Europe Echecs INT"]
[Date "2020.05.16"]
[Round "14"]
[White "Ritzenthaler, Stephane"]
[Black "Stoll, Lucia"]
[Result "1-0"]
[WhiteElo "1988"]
[BlackElo "1561"]
[PlyCount "53"]
[EventDate "2020.05.16"]
[EventType "swiss (blitz)"]
[EventRounds "15"]
[EventCountry "FRA"]
[SourceTitle "CBM 196 Extra"]
[Source "ChessBase"]
[SourceDate "2020.07.31"]
[SourceVersion "1"]
[SourceVersionDate "2020.07.31"]
[SourceQuality "1"]

1. e4 e5 2. Nf3 Nc6 3. d4 exd4 4. Bc4 Nf6 5. 0-0 Nxe4 6. Re1 d5 7. Bxd5 Qxd5 8. Nc3 Qh5 9. Nxe4 Be6 10. Neg5 0-0-0 11. Nxe6 fxe6 12. Rxe6 Bd6 13. Bd2 Rhf8 14. h3 h6 15. Ne1 Qf5 16. Re2 d3 17. Nxd3 Nd4 18. Re3 Qxf2+ 19. Nxf2 Bf4 20. Qg4+ Kb8 21. Rd3 Nxc2 22. Qxf4 Nxa1 23. Rxd8+ Rxd8 24. Qf7 b6 25. Bf4 Nc2 26. Qxc7+ Ka8 27. Qc6# 1-0

[Event "FRA-ch Blitz Online Qual"]
[Site "Europe Echecs INT"]
[Date "2020.05.16"]
[Round "9"]
[White "Stoll, Lucia"]
[Black "Auder, Benjamin"]
[Result "0-1"]
[WhiteElo "1561"]
[BlackElo "1934"]
[PlyCount "88"]
[EventDate "2020.05.16"]
[EventType "swiss (blitz)"]
[EventRounds "15"]
[EventCountry "FRA"]
[SourceTitle "CBM 196 Extra"]
[Source "ChessBase"]
[SourceDate "2020.07.31"]
[SourceVersion "1"]
[SourceVersionDate "2020.07.31"]
[SourceQuality "1"]

1. e4 Nc6 2. d4 d5 3. exd5 Qxd5 4. Nf3 e5 5. Nc3 Bb4 6. a3 Bxc3+ 7. bxc3 Bg4 8. Be3 e4 9. h3 exf3 10. c4 fxg2 11. cxd5 gxh1Q 12. Qxg4 Nf6 13. Qxg7 Ke7 14. dxc6 Rag8 15. Qh6 Rg6 16. Qf4 Qxc6 17. Bd3 Rg1+ 18. Bf1 Qc3+ 19. Ke2 Qxa1 20. Qxc7+ Nd7 21. Bg5+ Rxg5 22. Qf4 f6 23. Qe4+ Re5 24. dxe5 Qxe5 25. Qxe5+ Nxe5 26. Bg2 b6 27. Bd5 Rc8 28. c4 Nxc4 29. Bb7 Rc7 30. Ba6 Nxa3 31. Bd3 b5 32. Kd2 h6 33. f4 b4 34. h4 b3 35. f5 b2 36. h5 b1Q 37. Bxb1 Nxb1+ 38. Ke3 a5 39. Ke4 a4 40. Kd5 a3 41. Ke4 a2 42. Kd5 a1Q 43. Ke4 Qa4+ 44. Kd5 Qc4# 0-1

[Event "FRA-ch Blitz Online Qual"]
[Site "Europe Echecs INT"]
[Date "2020.05.16"]
[Round "15"]
[White "Stoll, Lucia"]
[Black "Meyssirel, Tom"]
[Result "1-0"]
[WhiteElo "1561"]
[BlackElo "1333"]
[PlyCount "57"]
[EventDate "2020.05.16"]
[EventType "swiss (blitz)"]
[EventRounds "15"]
[EventCountry "FRA"]
[SourceTitle "CBM 196 Extra"]
[Source "ChessBase"]
[SourceDate "2020.07.31"]
[SourceVersion "1"]
[SourceVersionDate "2020.07.31"]
[SourceQuality "1"]

1. e4 e5 2. Nf3 Nc6 3. d4 exd4 4. Nxd4 Bc5 5. Nxc6 Qf6 6. Qd2 Qxc6 7. Bd3 Ne7 8. 0-0 0-0 9. Nc3 d6 10. Qg5 Ng6 11. Kh1 h6 12. Qg3 Re8 13. f4 Bd4 14. e5 dxe5 15. f5 Nf4 16. Bxf4 exf4 17. Rxf4 Be5 18. Bb5 Bxf4 19. Qxf4 Qc5 20. Bxe8 Bxf5 21. Bb5 Bxc2 22. Rf1 Bg6 23. Bc4 Qe7 24. Nd5 Qd7 25. Bb3 c6 26. Ne3 Rd8 27. Ng4 Qe7 28. Ne5 Kf8 29. Nxg6+ 1-0